00889 2200313 4500001002100000005001500021035002000036007000300056040001700059100002900076245005500105250001400160300003700174504002500211020002200236041000800258082001100266084001700277090002100294264003000315336002100345337003000366338002300396650001500419850001000434008004100444700006600485990002400551INLIS00000000000558220260513065949 a0010-0222000672ta aSBPUPADbind0 aTim Ar-RahmanePengarang1 aMuhammad rasulullah kisah hiduo sang pemimpin umat a.-Cet. 19 a250 Hal. :billus. ;c21x14,5 cm abibliografi, hlm 249 a979-602-0935-28-70 aind a297.63 a297.63 MDH r a297.6 MUH i 2-19 a.--Jakarta :bEmir,c2015 2rdacontentaTeks 2rdamediaaTanpa Perantara 2rdacarrieravolume 4aRasulullah aPUPAD260513 0  aeditor, Fikni Mutiara,Hijrah Ahmad,Adhika PresetyaePengarang a22.405/KAPD/2016//B